00337nam a2200121Ia 4500008004100000041000800041082001500049100001700064245004500081260004600126300003200172365001100204240624s9999 xx 000 0 und d aeng a155.25 BHA aBHATIA VIPIN aGREAT THOUGHTS ON SELF IMPROVEMENT RELAX c2014aNew DelhibIndiana Publishing House aviii, : 264 : p. : cm. ; 21 cRSb25